000 00686nam a2200217Ia 4500
005 20230828120523.0
008 131103s9999 xx 000 0 und d
020 _a0-19-580393-0
040 _aLoreto College
041 _aEnglish
082 _a915.9
_bSIE
245 _aSouth-East Asia
_b a systematic geography
_cChina Lin Sien...[et al.]; edited by R. D. Hill
260 _aOxford
_bOxford University Press
_c1979
300 _axiv,214 p.
_b ill., figures, tables
440 _aOxford in Asia college texts
504 _aIncludes bibliographical references and index
650 _aAsia (South-East ) - Geography
700 _aSien, Chia Lin
850 _aLCLIB
942 _cBK
999 _c3357
_d53836